Les bagatelles (Запись № 10816886)
[ простой вид ]
| 000 -МАРКЕР | |
|---|---|
| контрольное поле | 01802nam0a2200373 4500 |
| 001 - ИДЕНТИФИКАТОР ЗАПИСИ | |
| контрольное поле | RU\NLR\BIBL_A\011574790 |
| 005 - ИДЕНТИФИКАТОР ВЕРСИИ | |
| контрольное поле | 20260406075825.0 |
| 010 ## - МЕЖДУНАРОДНЫЙ СТАНДАРТНЫЙ НОМЕР КНИГИ (ISBN) | |
| Номер (ISBN) | 9785921605473 |
| Тираж | 500 |
| 021 ## - НОМЕР ГОСУДАРСТВЕННОЙ РЕГИСТРАЦИИ | |
| Код страны | Российская Федерация |
| Номер | 2017-93865 |
| Номер Листа государственной регистраци | 6733 |
| 035 ## - ДРУГИЕ СИСТЕМНЫЕ НОМЕРА | |
| Идентификатор записи | (RuMoRGB)009485135 |
| 035 ## - ДРУГИЕ СИСТЕМНЫЕ НОМЕРА | |
| Идентификатор записи | (NLR Aleph) 011574790 |
| 100 ## - ДАННЫЕ ОБЩЕЙ ОБРАБОТКИ | |
| Данные общей обработки | 20171226d2018 u y0rusy50 ba |
| 101 0# - ЯЗЫК РЕСУРСА | |
| Язык текста, звукозаписи и т.д. | русский |
| -- | английский |
| 102 ## - СТРАНА ПУБЛИКАЦИИ ИЛИ ПРОИЗВОДСТВА | |
| Страна публикации | Российская Федерация |
| 105 ## - ПОЛЕ КОДИРОВАННЫХ ДАННЫХ: ТЕКСТОВЫЕ МАТЕРИАЛЫ, МОНОГРАФИЧЕСКИЕ | |
| Кодированные данные о монографическом текстовом документе | ac||zzzz000zy |
| 200 1# - ЗАГЛАВИЕ И СВЕДЕНИЯ ОБ ОТВЕТСТВЕННОСТИ | |
| Основное заглавие | Les bagatelles |
| Сведения, относящиеся к заглавию | книга третья из цикла "Чтение на ночь для совсем взрослых" |
| -- | [сборник] |
| Первые сведения об ответственности | Yveline Le Mignot, Серафима Иванова |
| Последующие сведения об ответственности | [иллюстрации Стефана Садовникова] |
| 210 ## - ПУБЛИКАЦИЯ, РАСПРОСТРАНЕНИЕ И ДР. | |
| Место издания, распространения и т.д. | Москва |
| Имя издателя, распространителя и т. д. | Филинъ |
| Дата издания, распространения и т.д. | 2018 [т.е. 2017] |
| 215 ## - ФИЗИЧЕСКАЯ ХАРАКТЕРИСТИКА | |
| Специфическое обозначение материала и объем | 107 с., [6] л. цв. ил., портр. |
| Другие сведения о физической характеристике | ил. |
| Размеры | 20 |
| 300 ## - ОБЩИЕ ПРИМЕЧАНИЯ | |
| Текст примечания | Текст парал. на рус. и англ. яз. |
| 300 ## - ОБЩИЕ ПРИМЕЧАНИЯ | |
| Текст примечания | Фактическая дата выхода в свет - 2017 |
| 327 1# - ПРИМЕЧАНИЯ О СОДЕРЖАНИИ | |
| Текст примечания | Содерж.: разделы: Милая Россия; Дивная природа; Чувства; Венок сонетов |
| 488 #0 - ДРУГИЕ ВЗАИМОСВЯЗАННЫЕ ПРОИЗВЕДЕНИЯ (ДОКУМЕНТЫ) | |
| Встроенное поле | 2001#$aЧтение на ночь для совсем взрослых$eцикл |
| Заглавие | Чтение на ночь для совсем взрослых |
| 686 1# - ИНДЕКСЫ ДРУГИХ КЛАССИФИКАЦИЙ | |
| Индекс | Ш6(4Фр)62-5{Лх1649-175} |
| 686 1# - ИНДЕКСЫ ДРУГИХ КЛАССИФИКАЦИЙ | |
| Индекс | Ш6(4Фр)67-5{Лх1649-175} |
| 686 2# - ИНДЕКСЫ ДРУГИХ КЛАССИФИКАЦИЙ | |
| Индекс | Ш6(2=Р)8-57 |
| 700 #1 - ИМЯ ЛИЦА - ПЕРВИЧНАЯ ОТВЕТСТВЕННОСТЬ | |
| Графика поля | Латинская |
| Материалы, к которым относится поле | fre |
| Начальный элемент ввода | Le Mignot |
| Часть имени, кроме начального элемента ввода | Y. |
| Дополнения к именам, кроме дат | поэт |
| Расширение инициалов личного имени | Yveline |
| Системный номер авторитетной/нормативной записи | 183792 |
| Идентификатор авторитетной/нормативной записи | RU\NLR\AUTH\770183843 |
| 701 #1 - ИМЯ ЛИЦА - АЛЬТЕРНАТИВНАЯ ОТВЕТСТВЕННОСТЬ | |
| Начальный элемент ввода | Иванова |
| Часть имени, кроме начального элемента ввода | С. |
| Дополнения к именам, кроме дат | переводчик, поэт |
| Даты | 1958- |
| Расширение инициалов личного имени | Серафима |
| Идентификатор авторитетной/нормативной записи | RU\NLR\AUTH\770182178 |
| Системный номер авторитетной/нормативной записи | 182127 |
| 702 #1 - ИМЯ ЛИЦА - ВТОРИЧНАЯ ОТВЕТСТВЕННОСТЬ | |
| Начальный элемент ввода | Садовников |
| Часть имени, кроме начального элемента ввода | С. |
| Расширение инициалов личного имени | Стефан |
| Код отношения | Карикатурист, Художник |
| 942 ## - ДОПОЛНИТЕЛЬНЫЕ ЭЛЕМЕНТЫ ЗАПИСИ (АБИС) | |
| Тип экземпляра АБИС | Книга |
| 980 ## - КОЛЛЕКЦИЯ | |
| Название коллекции | НБР |
Нет доступных экземпляров.